|
|
|
|
| LEADER |
00000nam0a2200000 4500 |
| 001 |
45734 |
| 005 |
20231031024003.0 |
| 010 |
|
|
|a 586789116X
|
| 035 |
|
|
|a (RuTPU)RU\TPU\book\47639
|
| 090 |
|
|
|a 45734
|
| 100 |
|
|
|a 20021216d2000 m y0rusy50 ca
|
| 101 |
1 |
|
|a rus
|
| 102 |
|
|
|a RU
|
| 105 |
|
|
|a y gi 000zy
|
| 200 |
1 |
|
|a Население земного шара. 1998
|e пер. с англ.
|f Организация объединенных наций; Общественно-экономический департамент
|
| 210 |
|
|
|a СПб.
|c Блиц
|d 2000
|
| 215 |
|
|
|a 32 с.
|
| 300 |
|
|
|a Издание осуществлено для ООН и публикуется от ее имени.
|
| 610 |
1 |
|
|a демография
|
| 610 |
1 |
|
|a население
|
| 610 |
1 |
|
|a страны мира
|
| 610 |
1 |
|
|a народонаселение
|
| 610 |
1 |
|
|a состав
|
| 610 |
1 |
|
|a численность
|
| 610 |
1 |
|
|a таблицы
|
| 610 |
1 |
|
|a статистическая информация
|
| 610 |
1 |
|
|a справочники
|
| 686 |
|
|
|a С73я2
|v LBC/SL-A
|2 rubbk
|
| 712 |
0 |
2 |
|a Организация Объединенных Наций
|b Отдел населения
|2 stltpush
|3 (RuTPU)RU\TPU\col\1905
|
| 801 |
|
1 |
|a RU
|b 63413507
|c 20021216
|g PSBO
|
| 801 |
|
2 |
|a RU
|b 63413507
|c 20080328
|g PSBO
|
| 942 |
|
|
|c BK
|